India; the world's largest democracy.

Bibliographic Details
Corporate Author: India (Republic). Embassy. United Stares
Format: Book
Language:English
Published: [Washington] : [Information Service of India, Embassy of India], [1966?]
Subjects:

MARC

Tag First Indicator Second Indicator Subfields
LEADER 00000cam a2200000 4500
001 in00000282941
005 20151010090911.0
008 710419s1966 dcuach 00000 eng d
010 |a  70020080  
035 |a (OCoLC)00156398 
035 |9 ABG4950AM 
040 |a DLC  |c DLC  |d TXA  |d UtOrBLW 
043 |a a-ii--- 
049 |a TXAM  |c [470231] 
050 0 0 |a DS407  |b .I516 
082 0 |a 915.4/03/4 
245 0 0 |a India; the world's largest democracy. 
264 1 |a [Washington] :  |b [Information Service of India, Embassy of India],  |c [1966?] 
300 |a 111 pages :  |b illustrations, facsimiles, portraits 
336 |a text  |b txt  |2 rdacontent 
337 |a unmediated  |b n  |2 rdamedia 
338 |a volume  |b nc  |2 rdacarrier 
651 0 |a India. 
710 1 |a India (Republic).  |b Embassy.  |b United Stares. 
999 |a MARS 
999 f f |s b37240ab-7c2f-3f9e-8440-75bfaad3b675  |i 4318ee88-2c28-3cc1-aa13-44fe1963a51d  |t 0 
952 f f |p ric  |a Texas A&M University  |b Rellis Campus  |c Joint Library Facility  |d Remote Storage  |t 0  |e DS407 .I516  |h Library of Congress classification  |i unmediated -- volume  |m A14802043784 
998 f f |a DS407 .I516  |t 0  |l Remote Storage